<?xml version="1.0" encoding="UTF-8"?>
<record
    xmlns:xsi="http://www.w3.org/2001/XMLSchema-instance"
    xsi:schemaLocation="http://www.loc.gov/MARC21/slim http://www.loc.gov/standards/marcxml/schema/MARC21slim.xsd"
    xmlns="http://www.loc.gov/MARC21/slim">

  <leader>03668nam a2200565Ia 4500</leader>
  <controlfield tag="001">7767</controlfield>
  <controlfield tag="008">241029s9999    xx            000 0 und d</controlfield>
  <datafield tag="010" ind1=" " ind2=" ">
    <subfield code="a">7325</subfield>
  </datafield>
  <datafield tag="041" ind1=" " ind2=" ">
    <subfield code="a">Espa&#xF1;ol</subfield>
  </datafield>
  <datafield tag="082" ind1=" " ind2=" ">
    <subfield code="a">ucsd-mgp-0358-2019</subfield>
  </datafield>
  <datafield tag="245" ind1=" " ind2="0">
    <subfield code="a">Acciones del equipo de gesti&#xF3;n a partir de los resultados de las pruebas nacionales de 4to grado de nivel secundario Liceo T&#xE9;cnico Hermana Rosario Torres, Fe y Alegr&#xED;a </subfield>
  </datafield>
  <datafield tag="260" ind1=" " ind2=" ">
    <subfield code="a">Distrito Nacional</subfield>
  </datafield>
  <datafield tag="300" ind1=" " ind2=" ">
    <subfield code="a">62</subfield>
  </datafield>
  <datafield tag="520" ind1=" " ind2=" ">
    <subfield code="a">65</subfield>
  </datafield>
  <datafield tag="630" ind1=" " ind2=" ">
    <subfield code="a">Acompa&#xF1;amiento Escolar</subfield>
  </datafield>
  <datafield tag="630" ind1=" " ind2=" ">
    <subfield code="a">Actitud de los Docentes</subfield>
  </datafield>
  <datafield tag="630" ind1=" " ind2=" ">
    <subfield code="a">Actitud de los Estudiantes</subfield>
  </datafield>
  <datafield tag="650" ind1=" " ind2=" ">
    <subfield code="a">Gesti&#xF3;n Educativa</subfield>
  </datafield>
  <datafield tag="690" ind1=" " ind2=" ">
    <subfield code="a">Copiado sin cambios</subfield>
  </datafield>
  <datafield tag="700" ind1=" " ind2=" ">
    <subfield code="e">asesor</subfield>
    <subfield code="a">Torres Rosario , Fanny</subfield>
  </datafield>
  <datafield tag="700" ind1=" " ind2=" ">
    <subfield code="e">autor</subfield>
    <subfield code="a">Galvan Garcia , Galia </subfield>
  </datafield>
  <datafield tag="700" ind1=" " ind2=" ">
    <subfield code="e">autor</subfield>
    <subfield code="a">D&#xF3;leo Montero , Alexandra</subfield>
  </datafield>
  <datafield tag="700" ind1=" " ind2=" ">
    <subfield code="e">asesor</subfield>
    <subfield code="a">Astacio , Martin </subfield>
  </datafield>
  <datafield tag="901" ind1=" " ind2=" ">
    <subfield code="a">{"1":"Galvan Garcia ","2":"D&#xF3;leo Montero "}</subfield>
    <subfield code="b">{"1":"Galia ","2":"Alexandra"}</subfield>
  </datafield>
  <datafield tag="902" ind1=" " ind2=" ">
    <subfield code="a">2</subfield>
  </datafield>
  <datafield tag="903" ind1=" " ind2=" ">
    <subfield code="a">{"1":"Astacio ","2":"Torres Rosario "}</subfield>
    <subfield code="b">{"1":"Martin ","2":"Fanny"}</subfield>
  </datafield>
  <datafield tag="904" ind1=" " ind2=" ">
    <subfield code="a">Maestr&#xED;a en</subfield>
  </datafield>
  <datafield tag="905" ind1=" " ind2=" ">
    <subfield code="a">Gesti&#xF3;n y Planificaci&#xF3;n Educativa</subfield>
  </datafield>
  <datafield tag="906" ind1=" " ind2=" ">
    <subfield code="a">2</subfield>
  </datafield>
  <datafield tag="907" ind1=" " ind2=" ">
    <subfield code="a">NO APLICA</subfield>
  </datafield>
  <datafield tag="908" ind1=" " ind2=" ">
    <subfield code="a">NO APLICA</subfield>
  </datafield>
  <datafield tag="909" ind1=" " ind2=" ">
    <subfield code="a">Universidad Cat&#xF3;lica de Santo Domingo (UCSD)</subfield>
  </datafield>
  <datafield tag="910" ind1=" " ind2=" ">
    <subfield code="a">NULL</subfield>
    <subfield code="b">NULL</subfield>
  </datafield>
  <datafield tag="911" ind1=" " ind2=" ">
    <subfield code="a">["1"]</subfield>
  </datafield>
  <datafield tag="912" ind1=" " ind2=" ">
    <subfield code="a">NO APLICA</subfield>
  </datafield>
  <datafield tag="913" ind1=" " ind2=" ">
    <subfield code="a">NULL</subfield>
  </datafield>
  <datafield tag="914" ind1=" " ind2=" ">
    <subfield code="a">01 de Abril de 2019</subfield>
  </datafield>
  <datafield tag="915" ind1=" " ind2=" ">
    <subfield code="a">20/12/19 08:12</subfield>
  </datafield>
  <datafield tag="916" ind1=" " ind2=" ">
    <subfield code="a">NULL</subfield>
  </datafield>
  <datafield tag="917" ind1=" " ind2=" ">
    <subfield code="a">NULL</subfield>
  </datafield>
  <datafield tag="918" ind1=" " ind2=" ">
    <subfield code="a">NO APLICA</subfield>
  </datafield>
  <datafield tag="919" ind1=" " ind2=" ">
    <subfield code="a">["207","4","5"]</subfield>
  </datafield>
  <datafield tag="520" ind1=" " ind2=" ">
    <subfield code="a">La presente investigaci&#xF3;n tiene como objetivo general, analizar las acciones ejecutadas por e equipo de gesti&#xF3;n a partir de los resultados de las pruebas nacionales del 2017-2018 en 4to. grado del nivel secundario del Liceo T&#xE9;cnico Hermana Rosario Torres, Fe y Alegr&#xED;a.La importancia de realizar esta investigaci&#xF3;n en el Liceo T&#xE9;cnico Hermana Rosario Torres, Fe y Alegr&#xED;a, se hace pertinente porque a partir de los hallazgos encontrados se puede tomar en cuenta nuevas herramientas para que el equipo de gesti&#xF3;n pueda incidir en la forma efectiva y eficaz en los procesos pedag&#xF3;gicos del centro.En dise&#xF1;o es de tipo no experimental de corte transversal,el tipo de estudio es descriptivo, con un enfoque cuantitativo. La poblaci&#xF3;n de estudio estuvo conformada por 78 estudiantes, 8 profesores y 5 miembros del equipo de gesti&#xF3;n.&#xA0; Las t&#xE9;cnicas utilizadas son la revisi&#xF3;n documental,grupo focal, del curr&#xED;culo, los resultados de prueba nacionales, las notas de presentaci&#xF3;n, y la encuesta a estudiantes, docentes &#xA0;&#xA0;y miembros del equipo de gesti&#xF3;n.La informaci&#xF3;n obtenida fue presentada a trav&#xE9;s de an&#xE1;lisis de texto en funci&#xF3;n de la naturaleza de los datos presentados. Dentro de las acciones ejecutadas por el equipo de los docentes coinciden con la directora, en que realizan diferentes acciones de reforzamiento de los contenidos con el acompa&#xF1;amiento por &#xE1;rea. Pero donde m&#xE1;s enfatizan es en que eval&#xFA;an los resultados de las pruebas nacionales. Los docentes sugieren que: a partir de los resultados se elabore un plan de mejora institucional por el equipo de gesti&#xF3;n y que el acompa&#xF1;amiento de los resultados sea de manera generalizado por el centro y que se establezca un mecanismo de seguimiento para mejorar los resultados.&#xA0;Se recomienda implementar c&#xED;rculos de estudio para reforzar los estudiantes con mayor debilidad en &#xE1;reas objetivo de pruebas nacionales. Promover las competencias internas entre las secciones a trav&#xE9;s de simulacros con monitoreo de un docente.&#xA0;&#xA0;&#xA0;&#xA0;</subfield>
  </datafield>
  <datafield tag="921" ind1=" " ind2=" ">
    <subfield code="a">63</subfield>
  </datafield>
  <datafield tag="922" ind1=" " ind2=" ">
    <subfield code="a">63</subfield>
  </datafield>
  <datafield tag="923" ind1=" " ind2=" ">
    <subfield code="a">1</subfield>
  </datafield>
  <datafield tag="924" ind1=" " ind2=" ">
    <subfield code="a">NO APLICA</subfield>
  </datafield>
  <datafield tag="942" ind1=" " ind2=" ">
    <subfield code="c">Tesis</subfield>
  </datafield>
  <datafield tag="999" ind1=" " ind2=" ">
    <subfield code="c">7325</subfield>
    <subfield code="d">7325</subfield>
  </datafield>
</record>
